000 00717nam a2200241 4500
001 36310
003 BD-RjUL
005 20211209052452.0
008 140619s1968 pk b 000 0 eng d
035 _a(BD-RjUL)36407
040 _aBD-RjUL
_beng
_cBD-RjUL
_dBD-RjUL
041 _aeng
082 0 0 _bCHG 1968
_a320.95491
100 1 _aChaudhuri, Muzaffar Ahmed.
_9110501
245 1 0 _aGovernment and politics in Pakistan /
_cby Muzaffer Ahmed Chaudhuri
260 _aDacca :
_bPuthighar,
_c1968
300 _aiii, v, 416, viii p. ;
_c25 cm
504 _aBibliography: p. [406]-416
651 0 _aPakistan
_xPolitics and government
_9110502
942 _2ddc
_cBK
999 _c36310
_d36310